Loading...
| Current Events | 1 | 30.00 | 100% | 100% | 100% |
| Fine Arts - Auditory Fine Arts | 6 | 6.67 | 33% | 33% | 0% |
| Fine Arts - Other Fine Arts | 10 | 14.00 | 90% | 50% | 0% |
| Fine Arts - Visual Fine Arts | 5 | 16.00 | 100% | 40% | 20% |
| Geography | 1 | 20.00 | 100% | 100% | 0% |
| History - American History | 6 | 18.33 | 100% | 83% | 0% |
| History - European History | 7 | 15.71 | 100% | 57% | 0% |
| History - Other History | 6 | 20.00 | 100% | 83% | 17% |
| History - World History | 4 | 15.00 | 100% | 25% | 25% |
| Literature - American Literature | 6 | 18.33 | 100% | 67% | 17% |
| Literature - British Literature | 7 | 17.14 | 100% | 71% | 0% |
| Literature - European Literature | 8 | 16.25 | 100% | 50% | 13% |
| Literature - World Literature | 7 | 18.57 | 100% | 57% | 29% |
| Mythology | 9 | 20.00 | 100% | 89% | 11% |
| Other Academic | 1 | 20.00 | 100% | 100% | 0% |
| Philosophy | 5 | 16.00 | 100% | 60% | 0% |
| Pop Culture | 1 | 10.00 | 100% | 0% | 0% |
| Popular Culture | 1 | 10.00 | 100% | 0% | 0% |
| Religion | 6 | 13.33 | 83% | 50% | 0% |
| Science - Biology | 9 | 16.67 | 100% | 44% | 22% |
| Science - Chemistry | 5 | 12.00 | 100% | 20% | 0% |
| Science - Other Science | 5 | 20.00 | 100% | 60% | 40% |
| Science - Physics | 7 | 20.00 | 100% | 57% | 43% |
| Social Science | 7 | 17.14 | 100% | 71% | 0% |